| 000 | 01452nmc a2200517 a 4500 | ||
|---|---|---|---|
| 003 | AR-BaBNM | ||
| 005 | 20251128204204.0 | ||
| 008 | 095019s1993 ||||||||||||||000 | spa|| | ||
| 020 | _a84-206-2424-1 | ||
| 040 | _cAR-BaBNM | ||
| 100 | 1 | _aBlaug, Mark | |
| 245 | 1 | 0 | _aLa metodología de la economía o cómo explican los economistas |
| 260 |
_aMadrid _bAlianza Editorial _c1993 |
||
| 300 | 0 | _a326 p. | |
| 490 | 0 |
_aAlianza Universidad _vv. 424 |
|
| 504 | _aContiene bibliografía | ||
| 600 | 1 | 4 | _aPopper, Karl Raimund |
| 600 | 1 | 4 | _aKuhn, Thomas S. |
| 600 | 1 | 4 | _aFeyerabend, Paul K. |
| 600 | 1 | 4 | _aMill, John Stuart |
| 600 | 1 | 4 | _aCairnes, John Elliot |
| 600 | 1 | 4 | _aKeynes, John Neville |
| 600 | 1 | 4 | _aRobbins, Lionel |
| 600 | 1 | 4 | _aHume, David |
| 600 | 1 | 4 | _aSamuelson, Paul Anthony |
| 600 | 1 | 4 | _aLeontief, Wassily |
| 600 | 1 | 4 | _aOhlin, Bertil Gotthard |
| 600 | 1 | 4 | _aFriedman, Milton |
| 650 | 4 | _aINVESTIGACION ECONOMICA | |
| 650 | 4 | _aEPISTEMOLOGIA | |
| 650 | 4 | _aMETODOS DE INVESTIGACION | |
| 650 | 4 | _aPOLITICA ECONOMICA | |
| 650 | 4 | _aDOCTRINAS ECONOMICAS | |
| 650 | 4 | _aTEORIA ECONOMICA | |
| 650 | 4 | _aFILOSOFIA DE LAS CIENCIAS | |
| 650 | 4 | _aHISTORIA ECONOMICA | |
| 650 | 4 | _aCONSUMIDORES | |
| 650 | 4 | _aEMPRESAS | |
| 650 | 4 | _aPRODUCTIVIDAD | |
| 650 | 4 | _aCAPITAL | |
| 650 | 4 | _aTEORIA MONETARIA | |
| 650 | 4 | _aECONOMIA DOMESTICA | |
| 700 | 1 |
_aMartínez Pujana, Ana _etraductor |
|
| 942 | _cBK | ||
| 998 | _cGrace | ||
| 999 |
_c6527 _d6527 |
||